Who's who in the Arab world :

محفوظ في:

التنسيق: كتاب

اللغة: Undetermined

منشور في: Beirut : Publitec Editions, 1967-

الموضوعات:

الوسوم: إضافة وسم

لا توجد وسوم, كن أول من يضع وسما على هذه التسجيلة!

رقم الطلب: (Ref.) D198.3 .W5

LEADER 01118nam a2200205Ia 4500
003 OSt
005 20231105075548.0
008 220712s9999||||xx |||||||||||||| ||und||
952 |0 0  |1 0  |2 lcc  |3 2nd. edition  |4 0  |7 1  |9 41802  |a ARCE  |b ARCE  |d 2022-07-21  |l 0  |o (Ref.) D198.3 .W5  |p 1035184  |r 2022-07-21 00:00:00  |w 2022-07-21  |y BK 
952 |0 0  |1 0  |2 lcc  |3 3rd. edition  |4 0  |7 1  |9 53560  |a ARCE  |b ARCE  |d 2023-11-05  |l 0  |o (Ref.) D198.3 .W5  |p 1017645  |r 2023-11-05 00:00:00  |w 2023-11-05  |y BK 
952 |0 0  |1 0  |2 lcc  |3 4th. edition  |4 0  |7 1  |9 53561  |a ARCE  |b ARCE  |d 2023-11-05  |l 0  |o (Ref.) D198.3 .W5  |p 1017646  |r 2023-11-05 00:00:00  |w 2023-11-05  |y BK 
952 |0 0  |1 0  |2 lcc  |3 5th. edition  |4 0  |7 1  |9 53562  |a ARCE  |b ARCE  |d 2023-11-05  |l 0  |o (Ref.) D198.3 .W5  |p 1017647  |r 2023-11-05 00:00:00  |w 2023-11-05  |y BK 
952 |0 0  |1 0  |2 lcc  |3 6th. edition  |4 0  |7 1  |9 53563  |a ARCE  |b ARCE  |d 2023-11-05  |l 0  |o (Ref.) D198.3 .W5  |p 1017648  |r 2023-11-05 00:00:00  |w 2023-11-05  |y BK 
999 |c 48781  |d 48781 
050 4 |a (Ref.) D198.3 .W5 
245 1 0 |a Who's who in the Arab world : 
264 1 |a Beirut :  |b Publitec Editions,  |c 1967- 
300 |a v. ;   |c 21-25 cm. 
650 4 |a Arab countries Biography Dictionaries. 
942 |2 lcc